000 00640nam a2200205Ii 4500
003 JO-AjNU
008 230605s9999||||xx |||||||||||||| ||und||
040 _aJO-AjNU
_bara
_erda
_cJO-AjNU
041 _aara
050 1 4 _aJX4471 2014
100 3 _aزهران، عدنان,
_eauthor
_950181
245 0 0 _aإدارة الأزمات والصراعات الدولية
250 _aط1
264 3 1 _aعمان: دار زهران للنشر والتوزيع، 2014
300 _a148ص
336 _atext
_btxt
_2rdacontent
337 _aunmediated
_bn
_2rdamedia
338 _avolume
_bnc
_2rdacarrier
650 4 _aعلوم سياسة
_950182
999 _aA22089
_c25657
_d25657